Stairs / (Record no. 352273)
[ view plain ]
| 000 -LEADER | |
|---|---|
| fixed length control field | 00975 a2200289 4500 |
| 003 - CONTROL NUMBER IDENTIFIER | |
| control field | OSt |
| 005 - DATE AND TIME OF LATEST TRANSACTION | |
| control field | 20180116192328.0 |
| 008 - FIXED-LENGTH DATA ELEMENTS--GENERAL INFORMATION | |
| fixed length control field | 110810t2001 xxu||||| |||| 00| 0 eng d |
| 010 ## - LIBRARY OF CONGRESS CONTROL NUMBER | |
| LC control number | 2001033489 |
| 020 ## - INTERNATIONAL STANDARD BOOK NUMBER | |
| International Standard Book Number | 0750648465 (pbk.) |
| 040 ## - CATALOGING SOURCE | |
| Transcribing agency | 0 |
| 082 00 - DEWEY DECIMAL CLASSIFICATION NUMBER | |
| Classification number | 694.6 |
| 100 1# - MAIN ENTRY--PERSONAL NAME | |
| Personal name | Blanc, Alan. |
| 9 (RLIN) | 43 |
| 245 10 - TITLE STATEMENT | |
| Title | Stairs / |
| Statement of responsibility, etc. | Alan and Sylvia Blanc. |
| 250 ## - EDITION STATEMENT | |
| Edition statement | 2nd ed. |
| 260 ## - PUBLICATION, DISTRIBUTION, ETC. | |
| Place of publication, distribution, etc. | Oxford ; |
| -- | Boston : |
| Name of publisher, distributor, etc. | Architecture Press, |
| Date of publication, distribution, etc. | 2001. |
| 300 ## - PHYSICAL DESCRIPTION | |
| Extent | 232 p. : |
| Other physical details | ill. ; |
| Dimensions | 28 cm. |
| 500 ## - GENERAL NOTE | |
| General note | Rev. ed. of: Stairs, steps, and ramps / Alan Blanc. 1996. |
| 500 ## - GENERAL NOTE | |
| General note | Includes index. |
| 650 #0 - SUBJECT ADDED ENTRY--TOPICAL TERM | |
| Topical term or geographic name entry element | Staircases. |
| 9 (RLIN) | 44 |
| 700 1# - ADDED ENTRY--PERSONAL NAME | |
| Personal name | Blanc, Sylvia. |
| 9 (RLIN) | 45 |
| 700 1# - ADDED ENTRY--PERSONAL NAME | |
| Personal name | Blanc, Alan. |
| 9 (RLIN) | 46 |
| 856 42 - ELECTRONIC LOCATION AND ACCESS | |
| Materials specified | Publisher description |
| Uniform Resource Identifier | <a href="http://www.loc.gov/catdir/description/els031/2001033489.html">http://www.loc.gov/catdir/description/els031/2001033489.html</a> |
| 856 42 - ELECTRONIC LOCATION AND ACCESS | |
| Materials specified | Table of contents |
| Uniform Resource Identifier | <a href="http://www.loc.gov/catdir/toc/els031/2001033489.html">http://www.loc.gov/catdir/toc/els031/2001033489.html</a> |
| 942 ## - ADDED ENTRY ELEMENTS (KOHA) | |
| Institution code [OBSOLETE] | SADA |
| Koha item type | Book |
| Call number prefix | 694.6 BLA 2001 |
| Source of classification or shelving scheme | |
| Withdrawn status | Lost status | Source of classification or shelving scheme | Damaged status | Not for loan | Permanent Location | Current Location | Date acquired | Total Checkouts | Total Renewals | Full call number | Barcode | Date last seen | Date last checked out | Cost, replacement price | Price effective from | Koha item type |
|---|---|---|---|---|---|---|---|---|---|---|---|---|---|---|---|---|
| School of Art Design and Architecture (SADA) | School of Art Design and Architecture (SADA) | 10/04/2010 | 4 | 3 | 694.6 BLA 2001 | SADA0000365 | 11/17/2015 | 10/19/2015 | 4004.00 | 08/05/2011 | Book |
